Male Present Footballer Names — Sudden Death - Statistics

General Stats
  • This quiz has been taken 191 times
  • The average score is 6 of 11
Answers on the Grid
Answers color-coded by a green-red scale on the quiz's grid according to % correct below.
Cristiano Ronaldo
Lionel Messi
Henry Kane
Earring Haaland
Paul Pogba
Mohammed Salad
Nelson Manuella
Osa Guardiola
Alexander Isak
Eden Hazard
Polk Hulk
Kyle Runner
John Stones
Justin Time
Viktor Gyokeres
Raheem Sterling
Phil Dollar
Austri Tuchel
Kylian Mbappe
George Net
Robert Lewandowski
James Death
Gift Orban
 
Answer Stats
Answer % Correct
Cristiano Ronaldo
96%
Lionel Messi
92%
Paul Pogba
59%
Kylian Mbappe
52%
Robert Lewandowski
52%
Alexander Isak
50%
John Stones
47%
Raheem Sterling
47%
Eden Hazard
42%
Viktor Gyokeres
42%
Gift Orban
27%
No matching quizzes found
Score Distribution
Percent of People with Each Score
Percentile by Number Answered
Your Score History
You have not taken this quiz